| 000 | 00577nam a2200169Ia 4500 | ||
|---|---|---|---|
| 003 | SGT | ||
| 020 | _a9789350142691 | ||
| 082 |
_a621.4022 _bKUM |
||
| 100 | _aKumar, D S | ||
| 245 | _aHeat and mass transfer | ||
| 250 | _a7th . . Ed. | ||
| 260 |
_bS.K. Kataria & SONS _aN.Delhi _c2012 |
||
| 300 | _a862p. | ||
| 650 | _aMECHANICAL ENGINEERING | ||
| 653 | _aDEFINITIONS AND BASICS CONCEPTS,FOURIER EQUATION AND THERMAL CONDUCTIVITY,STEADY STATE CONDUCTION,CONDUCTION WITH HEAT GENERATION,HEAT TRANSFER FROM EXTENDED SURFACES,DIMENSIONAL ANALYSIS,APPENDIX | ||
| 942 |
_2ddc _cBK _036 |
||
| 999 |
_c5775 _d5775 |
||